02566cam a22005294i 4500003000900000005001700009008004100026020001500067020001800082035002000100040003300120049000900153082002000162245008000182264003800262300004000300336002100340337002500361338002300386490004600409504003600455504003400491505049800525526001001023526001001033526001001043526001001053526000801063526000801071526000801079526000801087526000801095526000801103526000801111650002501119650004701144650006301191700004201254700011401296910002901410942001401439949019501453596000601648999015801654980005501812952016901867PE-LiUPU20250731172904.0170123s2016 xxu r b 001 0 eng d a162837134X a9781628371345 a(Sirsi) a166345 aPE-LiUPUbspacPE-LiUPUerda aPRUA04a224.906bP822300aPriests & cults in the Book of the Twelve /cedited by Lena-Sofia Tiemeyer. 1aAtlanta, GA :bSBL Press,c[2016] ax, 257 páginas ;c23 centimetros. atext2rdacontent aunmediated2rdamedia avolume2rdacarrier0 aAncient Near East monographs ;vnumber 14 aBibliografía : páginas 257. aÍndices: páginas 235-255.0 aIntrodcution -- Idolatry, apostasy, prostitution: hosea´s struggle against the cult -- Hosea´s exodus mythology and the book of the twelve -- Penitential priests in the twelve -- Joel, the cult, and the book of the twelve Priests and profits: Joel and malachi -- A farewell to the anticultic prophet: acttitudes towarda the cult in the book of the twelve, and beyond The "idolatrous priests" in the book of zephaniah -- The priesthood in the presian period: haggai, zechariah, and malachi. aSEG42 aSEG41 aSEG40 aSEG39 aP94 aP87 aP86 aP85 aP77 aP76 aP3504aSacerdotes judíos.04aCultura semíticaxEnseñanza bíblica.04aBiblia. Profetas Menores-Crítica, Interpretación, Etc.1 aTiemeyer, Lena-Sofia,d1969-eeditor.1 aKrispenz, Jutta.tIdolatry, apostasy, prostitution : Hosea's struggle against the cult.iContainer of (work): ajckbjvqcjckd20170123. 2ddccBOOK a224.906 P8wDEWEYc1i75575lCATALOGINGmBULp30.00r0sYtBOOKu2017-01-23xTEOLOGIAzPOSGRADO TEOLOGÍA0COMPRAo.CIRCNOTE. El documento es de alto precio.o.STAFF. Colección Teología a1 a224.906 P8wLCc15085i75575d15085f2021-11-9g5lCCODEBUL1mBULp30.00q3r0sYtBOOKu2017-1-23xTEOLOGIAPP850COMPRAo.STAFF. Colección Teología 81gALBERTO SANCHEZ Responsable de Automatización r2025-12-02 00:00:00i6l0o224.906 P8p75575te1v35.00w2017-01-23xPGyBKzinventario-2023-12-13102ddc50708GENfP85aBULbBULcGENd2017-01-23eCOMPRAg30.00